|
|
|
|
| LEADER |
00675nab a2200181 i 4500 |
| 001 |
acta665 |
| 005 |
20210310125717.0 |
| 008 |
161015s1965 hu o 0|| rus d |
| 022 |
|
|
|a 0586-3732
|
| 040 |
|
|
|a SZTE Egyetemi Kiadványok Repozitórium
|b hun
|
| 041 |
|
|
|a rus
|
| 100 |
1 |
|
|a Kónyi Sándor
|
| 245 |
1 |
0 |
|a Nekotorye voprosy morfologičeskogo analiza pri mašinnom perevode s vengerskogo âzyka na russkij
|h [elektronikus dokumentum] :
|b kritičeskie zamečaniâ /
|c Kónyi Sándor
|
| 260 |
|
|
|c 1965
|
| 300 |
|
|
|a 37-42
|
| 490 |
0 |
|
|a Dissertationes slavicae
|v 3
|
| 695 |
|
|
|a Nyelvtudomány
|
| 856 |
4 |
0 |
|u http://acta.bibl.u-szeged.hu/665/1/dissert_slav_003_037-042.pdf
|z Dokumentum-elérés
|